Human rights : (Record no. 723)
[ view plain ]
| 000 -LEADER | |
|---|---|
| fixed length control field | 00710cam a2200229 a 4500 |
| 001 - CONTROL NUMBER | |
| control field | 13021 |
| 003 - CONTROL NUMBER IDENTIFIER | |
| control field | BD-DhUAP |
| 005 - DATE AND TIME OF LATEST TRANSACTION | |
| control field | 20201231105118.0 |
| 008 - FIXED-LENGTH DATA ELEMENTS--GENERAL INFORMATION | |
| fixed length control field | 200127s2008 enk b 001 0 eng d |
| 020 ## - INTERNATIONAL STANDARD BOOK NUMBER | |
| International Standard Book Number | 9843000020309 |
| 040 ## - CATALOGING SOURCE | |
| Original cataloging agency | BD-DhUAP |
| Transcribing agency | BD-DhUAP |
| Modifying agency | BD-DhUAP |
| Language of cataloging | Eng |
| 082 04 - DEWEY DECIMAL CLASSIFICATION NUMBER | |
| Classification number | 341.48 FAI |
| Edition number | 23 |
| 100 ## - MAIN ENTRY--PERSONAL NAME | |
| Personal name | Faiz-Ud-Din, Muhammad. |
| 245 ## - TITLE STATEMENT | |
| Title | Human rights : |
| Remainder of title | national and international perspective / |
| Statement of responsibility, etc. | Muhammad Faiz-Ud-Din. |
| 260 ## - PUBLICATION, DISTRIBUTION, ETC. | |
| Place of publication, distribution, etc. | Dhaka : |
| Name of publisher, distributor, etc. | Shams, |
| Date of publication, distribution, etc. | c2008. |
| 300 ## - PHYSICAL DESCRIPTION | |
| Extent | 387 pages ; |
| Dimensions | 22 cm. |
| 504 ## - BIBLIOGRAPHY, ETC. NOTE | |
| Bibliography, etc. note | Includes bibliographical references and index. |
| 650 ## - SUBJECT ADDED ENTRY--TOPICAL TERM | |
| Topical term or geographic name entry element | Human rights. |
| 942 ## - ADDED ENTRY ELEMENTS (KOHA) | |
| Source of classification or shelving scheme | |
| Koha item type | Book |
| Withdrawn status | Lost status | Source of classification or shelving scheme | Damaged status | Not for loan | Permanent Location | Current Location | Shelving location | Date acquired | Full call number | Barcode | Date last seen | Copy number | Price effective from | Koha item type | Total Checkouts | Date last checked out | Total Renewals |
|---|---|---|---|---|---|---|---|---|---|---|---|---|---|---|---|---|---|
| UAP Central Library | UAP Central Library | General Stacks | 2020-01-27 | 341.48 FAI | 3010013021 | 2020-01-27 | 1 | 2020-01-27 | Book | ||||||||
| UAP Central Library | UAP Central Library | General Stacks | 2020-01-27 | 341.48 FAI | 3010013013 | 2023-09-03 | 2 | 2020-01-27 | Book | 1 | 2023-08-26 | ||||||
| UAP Central Library | UAP Central Library | General Stacks | 2020-01-27 | 341.48 FAI | 3010013022 | 2022-09-08 | 3 | 2020-01-27 | Book | 2 | 2022-09-04 | ||||||
| UAP Central Library | UAP Central Library | General Stacks | 2020-01-27 | 341.48 FAI | 3010013018 | 2020-01-27 | 4 | 2020-01-27 | Book | ||||||||
| UAP Central Library | UAP Central Library | General Stacks | 2020-01-27 | 341.48 FAI | 3010013014 | 2020-01-27 | 5 | 2020-01-27 | Book | ||||||||
| UAP Central Library | UAP Central Library | General Stacks | 2020-01-27 | 341.48 FAI | 3010013016 | 2025-08-14 | 6 | 2020-01-27 | Book | 2 | 2025-07-29 | 1 | |||||
| UAP Central Library | UAP Central Library | General Stacks | 2020-01-27 | 341.48 FAI | 3010013017 | 2020-01-27 | 7 | 2020-01-27 | Book | ||||||||
| UAP Central Library | UAP Central Library | General Stacks | 2020-01-27 | 341.48 FAI | 3010013020 | 2020-01-27 | 8 | 2020-01-27 | Book | ||||||||
| UAP Central Library | UAP Central Library | General Stacks | 2020-01-27 | 341.48 FAI | 3010013019 | 2020-01-27 | 9 | 2020-01-27 | Book | ||||||||
| UAP Central Library | UAP Central Library | General Stacks | 2020-12-31 | 341.48 FAI | 3010013015 | 2025-07-31 | 10 | 2020-12-31 | Book | 5 | 2025-07-20 |
Bengali Keyboard